LEADER 01070nam a22002411i 4500 001 991002101409707536 005 20030408155131.0 008 030925s1978 it |||||||||||||||||ita 035 $ab12242299-39ule_inst 035 $aARCHE-028991$9ExL 040 $aBiblioteca Interfacoltà$bita$cA.t.i. Arché s.c.r.l. Pandora Sicilia s.r.l. 082 04$a324.2450 245 02$aI comunisti italiani e l'Europa :$bdichiarazioni documenti interventi : 1977-1978 /$ca cura del Segretariato del Gruppo comunista e Apparentati al Parlamento Europeo 260 $a[S.l.] :$b[s.n.],$c[1978?] 300 $a160 p. ;$c30 cm 650 4$aPartito comunista italiano$xPolitica estera$xEuropa$y1977-1978 710 1 $aParlamento europeo.$bGruppo comunista e Apparentati 907 $a.b12242299$b02-04-14$c08-10-03 912 $a991002101409707536 945 $aLE002 Dir. V F 1$g1$i2002000075376$lle002$o-$pE0.00$q-$rl$s- $t0$u2$v0$w2$x0$y.i12626715$z08-10-03 996 $aComunisti italiani e l'Europa$9154147 997 $aUNISALENTO 998 $ale002$b08-10-03$cm$da $e-$fita$git $h2$i1 LEADER 02847nam 2200601 450 001 9910788847603321 005 20170822144325.0 010 $a1-4704-0350-1 035 $a(CKB)3360000000464941 035 $a(EBL)3114427 035 $a(SSID)ssj0000973834 035 $a(PQKBManifestationID)11529962 035 $a(PQKBTitleCode)TC0000973834 035 $a(PQKBWorkID)10986135 035 $a(PQKB)10384000 035 $a(MiAaPQ)EBC3114427 035 $a(RPAM)12747200 035 $a(PPN)195416430 035 $a(EXLCZ)993360000000464941 100 $a20020418d2002 uy| 0 101 0 $aeng 135 $aur|n|---||||| 181 $ctxt 182 $cc 183 $acr 200 10$aq-difference operators, orthogonal polynomials, and symmetric expansions /$fDouglas Bowman 210 1$aProvidence, Rhode Island :$cAmerican Mathematical Society,$d2002. 215 $a1 online resource (73 p.) 225 1 $aMemoirs of the American Mathematical Society,$x0065-9266 ;$vnumber 757 300 $a"Volume 159, number 757 (fourth of 5 numbers)." 311 $a0-8218-2774-X 320 $aIncludes bibliographical references. 327 $a""Contents""; ""Chapter 1. Introduction and preliminaries""; ""1.1. q-Symmetric polynomials and the q-multinomial""; ""1.2. q-Difference operators""; ""1.3. Orthogonal polynomials""; ""1.4. The symmetric functions I??[sub(m)]""; ""1.5. Further notation, conventions and base inversion""; ""Chapter 2. New results and connections with current research""; ""2.1. Identification of I??[sub(4)] as q-hypergeometric""; ""2.2. Symmetry creating operators""; ""2.3. Rogers's paper and orthogonal polynomials""; ""2.4. Synthesis: The continuous q-ultraspherical polynomials"" 327 $a""2.5. Convergence criteria for operator theorems""""2.6. A fascinating phenomenon""; ""2.7. Operator theorems and q-Heisenberg algebras""; ""Chapter 3. Vector operator identities and simple applications""; ""3.1. A new operator theorem""; ""3.2. Applications to q-series""; ""3.3. A vector q-Leibniz rule""; ""3.4. Further operator theorems and simple applications""; ""3.5. Conclusion""; ""Bibliography"" 410 0$aMemoirs of the American Mathematical Society ;$vno. 757. 606 $aq-series 606 $aDifference operators 606 $aHypergeometric functions 606 $aOrthogonal polynomials 615 0$aq-series. 615 0$aDifference operators. 615 0$aHypergeometric functions. 615 0$aOrthogonal polynomials. 676 $a510 s 676 $a515/.55 700 $aBowman$b Douglas$f1965-$01566869 801 0$bMiAaPQ 801 1$bMiAaPQ 801 2$bMiAaPQ 906 $aBOOK 912 $a9910788847603321 996 $aQ-difference operators, orthogonal polynomials, and symmetric expansions$93837804 997 $aUNINA